Втікач із Бригідок (Запис № 17578)

000 -Маркер запису
Контрольне поле сталої довжини 02428nam a22002657a 4500
003 - Належність контрольного номера
Контрольне поле Uzh_bibl
008 - Кодовані дані
Контрольне поле сталої довжини 260430b |||||||| |||| 00| 0 ukr d
020 ## - Індекс ISBN
ISBN 978-966-03-7817-9
Ціна 90.00
040 ## - Джерело каталогіз.
Код мови каталог. укр.
041 ## - Код мови видання
Код мови оригіналу українська
Код мови тексту українська
080 ## - Індекс УДК
Індекс УДК 821.161.2
090 ## - Шифри
Поличний індекс 821.161.2
Авторський знак К 59
100 ## - Автор
Автор Кокотюха, Андрій
245 ## - Назва
Назва Втікач із Бригідок
Відповідальність худож.-оформлювач В. Карасик
Фізичний носій Текст
260 ## - Вихідні дані
Місце видання Харків
Видавництво Фоліо
Дата видання 2017
300 ## - Фізичний опис
Обсяг 283 с.
Ілл./тип відтвор. іл.
490 ## - Серія
Назва серії Серія "Ретророман"
520 ## - Анотація
Анотація Львів, осінь 1916 року. Героя війни, українського січового стрільця Захара Ладного підозрюють у вбивстві через ревнощі. Його взяли під варту і тримають у тюрмі Бригідки. Звинувачення кидає тінь на всіх добровольців. Захистивши стрільця, Климентій Кошовий може врятувати честь Легіону. І хоча Клим через війну покинув адвокатську практику, він погоджується спробувати. Далі події розвиваються стрімко: Ладний робить відчайдушну спробу втекти з в’язниці, взявши Кошового в заручники. Почавши приватне розслідування, Клим і його друг Йозеф Шацький знову занурюються в світ криміналу, де вже наново поділили владу, ближче знайомляться з січовими стрільцями та стикаються з хитрощами російських шпигунів. А розбрат, який таємний ворог сіє довкола, вперше ставить під загрозу кохання українця Кошового і полячки Магди Богданович...
521 ## - Примітка про цільове призначення
Примітка про цільове призначення Для широкого кола читачів
546 ## - Примітка про мову
Примітка про мову укр.
650 ## - Тематичні рубрики
Основна рубрика Літературно-художнє видання
653 ## - Ключові слова
Ключові слова Січові стрільці
-- Вбивство
655 ## - Термін індексування — жанр/форма
Жанр/форма Детектив
Типове ділення Роман
Хронологічне ділення ХХ ст.
Географічне діленння Львів,Україна
942 ## - ADDED ENTRY ELEMENTS (KOHA)
Джерело класифікації чи схема поличного розташування
Koha item type Книги
Фонди
Статус вилучення Статус втрати/відсутності Джерело класифікації чи схема поличного розташування Статус пошкодження Тип обігу (не для випозичання) Постійне розташування Поточне розташування Розташування у відділі Дата надходження Інвентарний номер Total Checkouts Повний (примірниковий) шифр зберігання Штрих-код Date last seen Дата, для якої чинна ціна заміни Тип одиниці (рівень примірника)
          Бібліотека-філія №3 Бібліотека-філія №3 Абонемент старший відділ 30/04/2026 68841   821.161.2 4153 30/04/2026 30/04/2026 Книги

Працює на АБІС Коха